Palabras de Jesús (Record no. 189277)

MARC details
000 -LEADER
campo de control de longitud fija 00810nam a2200229 i 4500
001 - NÚMERO DE CONTROL
campo de control 189277
003 - IDENTIFICADOR DE NÚMERO DE CONTROL
campo de control SpMaBN
005 - FECHA Y HORA DE LA ÚLTIMA TRANSACCIÓN
campo de control 20230906223433.0
008 - DATOS DE LONGITUD FIJA--INFORMACIÓN GENERAL
campo de control de longitud fija 190521s1968 sp |||| | spa d
080 ## - NÚMERO DE LA CLASIFICACIÓN DECIMAL UNIVERSAL
Número de la Clasificación Decimal Universal 226.91.017
100 1# - ENTRADA PRINCIPAL--NOMBRE DE PERSONA
Nombre de persona Jeremias, Joachim (
Fechas asociadas al nombre 1900-1979)
9 (RLIN) 66328
245 10 - MENCIÓN DEL TÍTULO
Título Palabras de Jesús
Resto del título : el Sermón de la Montaña, el Padre Nuestro /
Mención de responsabilidad, etc. Joachim Jeremias ; [traducción de la 5ª y 3ª ed. alemana por José María Bernáldez Montalvo].
260 ## - PUBLICACIÓN, DISTRIBUCIÓN, ETC.
Lugar de publicación, distribución, etc. Madrid :
Nombre del editor, distribuidor, etc. Fax,
Fecha de publicación, distribución, etc. [1968]
300 ## - DESCRIPCIÓN FÍSICA
Extensión 185 p. ;
Dimensiones 23 cm.
490 1# - MENCIÓN DE SERIE
Mención de serie Actualidad bíblica ;
Designación de volumen o secuencia 7
504 ## - NOTA DE BIBLIOGRAFÍA, ETC.
Nota de bibliografía, etc. Bibliografía: p. 175-182.
630 07 - PUNTO DE ACCESO ADICIONAL DE MATERIA--TÍTULO UNIFORME
Título uniforme Padrenuestro.
9 (RLIN) 167056
700 1# - ENTRADA AGREGADA--NOMBRE PERSONAL
Nombre de persona Bernáldez Montalvo, José María.
9 (RLIN) 153063
830 0# - PUNTO DE ACCESO ADICIONAL DE SERIE-TÍTULO UNIFORME
Título uniforme Actualidad bíblica ;
Designación de volumen o secuencia 7
9 (RLIN) 193281
852 ## - LOCALIZACIÓN
Ubicación ES-MaACL
Número de control de estantería J-9(7)
Holdings
Estatus retirado Estado de pérdida Estado de daño No para préstamo Biblioteca de origen Biblioteca actual Ubicación en estantería Fecha de adquisición Fuente de adquisición Total de préstamos Signatura topográfica completa Código de barras Visto por última vez Precio de reemplazo Tipo de ítem Koha
        Biblioteca del Ateneo de Madrid Biblioteca del Ateneo de Madrid Depósito 2 21/05/2019     J-9(7) 1200539 23/02/2023 23/02/2023 Libro impreso